00973 2200313 4500001002100000005001500021035002000036007000300056008004100059020002200100082001900122084002100141100003500162245012900197250003200326300003000358700003600388264002900424336002100453337003000474338002300504650001800527040002200545850001200567990002000579990002000599990002000619990002000639INLIS00000000089140620241129093353 a0010-1124000368ta241129s2024 yoi g j ind d a978-623-186-336-204223a899.221301 a899.221301 EEP l0 aEep Saefulloh FatahePengarang10aLelaki dari neraka :bdan cerita-cerita manusia keras kepala lainnya /cEep Saefulloh Fatah; penyunting, Dhewiberta Hardjono aCetakan Pertama, Maret 2024 axii, 142 halaman ;c21 cm0 aDhewiberta HardjonoePenyunting31aSleman :bBentang,c2024 2rdacontentateks 2rdamediaatanpa perantara 2rdacarrieravolume 4aCerita pendek aYOPDYOGbinderda aYOPDYOG a48137-PD/B.2024 a48138-PD/B.2024 a48136-PD/B.2024 a48137-PD/B.2024